Les Capitales du Moyen-Orient et des Alentours - Statistiques

Statistiques générales
  • Ce quiz a été pris 74 fois
  • Le résultat moyen est 18 sur 27
Statistiques - réponses
Par images Réponse % Correct
Ankara
100%
Le Caire
100%
Riyad
85%
Abou Dabi
80%
Sanaa
80%
Doha
76%
Jérusalem
76%
Beyrouth
74%
Koweit City
74%
Bagdad
72%
Mascate
72%
Damas
70%
Manama
70%
Nicosie
70%
Téhéran
70%
Khartoum
67%
Amman
63%
Erevan
59%
Tbilissi
59%
Asmara
54%
Bakou
54%
Islamabad
48%
Kaboul
43%
Achgabat
39%
Tachkent
39%
Bichkek
35%
Douchanbé
35%
Aucun quiz correspondant
Distribution des résultats
% des personnes avec chaque résultat
Percentile par nombre de réponses
Votre historique - résultats
Vous n’avez pas pris ce quiz